[Event "Foxwoods op 08th"]
[Site "Ledyard"]
[Date "2006.04.13"]
[Round "2"]
[White "Moncayo Romero, Evelyn"]
[Black "Young, Zachary A"]
[Result "1-0"]
[WhiteElo "2261"]
[BlackElo "2116"]
[PlyCount "67"]
[EventDate "2006.04.12"]
[EventType "swiss"]
[EventRounds "9"]
[EventCountry "USA"]
[SourceTitle "CBM 111 Extra"]
[Source "ChessBase"]
[SourceDate "2006.05.09"]
[SourceVersion "1"]
[SourceVersionDate "2006.05.09"]
[SourceQuality "1"]

1. e4 c5 2. Nf3 d6 3. d4 cxd4 4. Nxd4 Nf6 5. Nc3 Nc6 6. f3 Qb6 7. Be3 Qxb2 8. Ndb5 Nb4 9. Bd3 Nxd3+ 10. cxd3 Bd7 11. Nc7+ Kd8 12. Nxa8 Qxc3+ 13. Bd2 Qc8 14. Ba5+ b6 15. Nxb6 axb6 16. Bxb6+ Ke8 17. 0-0 d5 18. a4 dxe4 19. dxe4 e5 20. Rc1 Qa6 21. a5 Bb4 22. Rb1 Qc4 23. Rf2 Ke7 24. Rc2 Bc3 25. Bf2 Rc8 26. Qc1 Be6 27. Qa3+ Ke8 28. Rbc1 Rd8 29. Qxc3 Qxc3 30. Rxc3 Nh5 31. g3 Rd6 32. Rc5 Nf4 33. gxf4 exf4 34. Rc6 1-0